[Event "Jakarta Makita Lakoni"]
[Site "Jakarta"]
[Date "2004.02.18"]
[Round "3"]
[White "Stefanova, Antoaneta"]
[Black "Adianto, Utut"]
[Result "0-1"]
[WhiteElo "2478"]
[BlackElo "2591"]
[Annotator "Ribli,Z"]
[PlyCount "132"]
[EventDate "2004.02.16"]
[EventType "tourn"]
[EventRounds "10"]
[EventCountry "INA"]
[EventCategory "10"]
[SourceTitle "CBM 100"]
[Source "ChessBase"]
[SourceDate "2004.06.01"]
[SourceVersion "1"]
[SourceVersionDate "2004.06.01"]
[SourceQuality "1"]

1. c4 e5 2. g3 Nf6 3. Bg2 c6 4. d4 e4 {Dieser Zug führt zu scharfem Spiel,
aber Großmeister Adianto spielt gerne und erfolgreich diese Fortsetzung.} (4...
Bb4+ 5. Bd2 Bxd2+ 6. Qxd2 d6 {Diese Variante erinnert an die Bogoindische
Verteidigung. Weiß hat Raumvorteil im Zentrum, aber die schwarze Stellung ist
ganz fest.}) 5. Nc3 Bb4 6. Bg5 d5 7. cxd5 (7. Qb3 Bxc3+ 8. bxc3 (8. Qxc3 O-O 9.
e3 Nbd7 10. cxd5 cxd5 11. Rc1 b6 12. Qa3 a5 13. Ne2 Ba6 14. Bh3 Rc8 15. Kd2
Rxc1 16. Rxc1 h6 17. Bf4 Qa8 18. Rc7 Rc8 19. Qc3 g5 {0-1 Rowson,J-Bologan,V/
Bled 2002/EXT 2003 (51)}) 8... Nbd7 9. cxd5 cxd5 10. Qb4 $6 {[%cal Gb4f8]} a5
11. Qa3 Nb6 {[%csl Yc4][%cal Gb6c4]} 12. Qc5 h6 13. Bxf6 Qxf6 14. e3 Qc6 15.
Qxc6+ bxc6 16. Bf1 $6 Na4 17. c4 Rb8 {[%csl Gb8][%cal Gb8b1]} 18. cxd5 cxd5 19.
Rc1 O-O 20. Be2 Bd7 $17 {0-1 Torre,E-Adianto,U/Manila 2001/CBM 83/[Ribli] (28)}
) 7... cxd5 {Jetzt haben wir eigentlich eine Variante der Sizilianischen
Verteidigung von uns - 1.e4 c5 2.Nf3 g6 3.c3 Bg7 4.d4 cxd4 5.cxd4 d5 6.e5 Nc6
7.Bb5 Bg4, aber mit umgekehrten Farben.} 8. Nh3 (8. Bxf6 Bxc3+ 9. bxc3 Qxf6 10.
Qb3 Qc6 11. Nh3 O-O 12. Nf4 Rd8 13. h4 Na6 14. O-O Nc7 15. a4 Ne6 16. Nxe6 Bxe6
{0-1 Minescu,D-Toader,I/Tusnad 2000/EXT 2001 (41)}) (8. Qb3 $5 $14) (8. e3 $5
$14) 8... Bxc3+ 9. bxc3 Nbd7 {Das ist die richtige Springerentwicklung - auf
diese Weise kann Schwarz im Falle von Bxf6 immer mit dem d7-Springer
zurücknehmen.} (9... Nc6 $6 10. Nf4 $14) 10. c4 $2 {Weiß möchte die Stellung
für sein Läuferpaar öffnen, aber dieser Zug kommt zu früh.} (10. O-O O-O 11. f3
$11) 10... dxc4 11. Qa4 (11. Bxe4 $4 Qa5+ 12. Bd2 c3 $19) 11... O-O 12. Qxc4 (
12. Bxe4 $4 Nb6 $19) 12... h6 13. Bd2 (13. Bxf6 Nxf6 $15) (13. Bf4 Nb6 $15)
13... Nb6 14. Qb4 Nfd5 $15 {[%csl Gd5] Schwarz kontrolliert stark das wichtige
Zentrumsfeld d5 und er hat die Initiative. Die Stellung trägt aber
geschlossenen Charakter, so dass das weiße Läuferpaar weniger stark ist.} 15.
Qa5 (15. Qb3 Be6 $15) 15... Bg4 $1 {[%csl Gd5,Gg4][%cal Gb6c4][%mdl 2048]} 16.
Nf4 {Mit diesem Zug opfert Weiß einen Bauern für etwas Gegenspiel.} (16. e3 Qd7
$17) 16... Nxf4 17. Bxf4 Qxd4 18. Be5 (18. O-O Bxe2 19. Rfe1 Nc4 $17) 18... Qc4
{[%cal Rc4e2,Re2e1,Rg4e2]} (18... Qd7 $17) 19. O-O Bxe2 $17 {Schwarz hat schon
zwei Bauern mehr und ausgezeichnete Figurenstellung.} 20. Rfc1 Qe6 21. Bxe4
Rae8 (21... Ba6 $1 $19 {[%csl Ra5][%cal Gb6c4,Re6e4] Mit diesem Zug konnte
Schwarz weiteres Material gewinnen, weil tödlich 22...Nc4 droht.}) 22. Re1 Nc4
23. Qc3 Qxe5 24. Qxe5 Rxe5 25. Rxe2 Rfe8 26. Rae1 Kf8 (26... Nd6 $4 27. Bh7+
$18) 27. f4 R5e6 28. Kf2 Nd6 29. Bd5 Rxe2+ 30. Rxe2 {[%mdl 4096] Nach
Vereinfachungen haben wir eine Stellung, in der Schwarz einen klaren
Mehrbauern und ausgezeichnete Gewinnchancen hat.} Rc8 {Schwarz behält die
Tuerme auf dem Brett, was auch gut ist, aber der Turmtausch scheint mir
einfacher.} (30... Rxe2+ 31. Kxe2 Ke7 $17) 31. g4 Rc5 32. Rd2 g5 33. fxg5 (33.
f5 Ke7 $17) 33... hxg5 34. Rd3 b5 35. Kg3 (35. a3 $17) 35... b4 36. Bf3 Ke7 37.
Rd4 a5 {Schwarz mobilisiert seine Bauern am Damenflügel.} 38. h4 gxh4+ 39. Kxh4
Nb5 40. Rd2 Nc3 41. g5 a4 42. Rf2 Rc4+ (42... b3 43. axb3 axb3 44. Bh5 $132)
43. Kh3 Kd6 44. Bh5 Ne4 {[%csl Rg5][%cal Re4f2,Re4g5,Rg5h3]} 45. Rf5 Rc5 46.
Rf4 Nxg5+ $19 {Mit zwei Bauern mehr steht Schwarz auf Gewinn.} 47. Kh4 Rb5 48.
Be2 (48. Bxf7 Nxf7 49. Rxf7 b3 50. axb3 axb3 51. Rf1 b2 52. Rb1 Kd5 $19) 48...
Re5 49. Bd3 Re3 50. Bc2 Nf3+ 51. Kh5 b3 52. axb3 a3 (52... axb3 53. Bxb3 Rxb3
54. Rxf7 $15) 53. Ra4 (53. Rxf7 Nd4 54. Bg6 a2 55. Ra7 Re2 56. b4 Nb3 $19)
53... Ne1 54. Bd1 (54. Bf5 Rxb3 $19) 54... Rd3 55. Be2 Rd5+ (55... Rxb3 $19)
56. Kh6 Nc2 57. Bc4 Rd4 58. Bxf7 (58. Kg5 Kc5 $19) 58... Rxa4 59. bxa4 Nd4 {
Droht 60...Ne6 mit sofortigem Gewinn.} 60. Ba2 Kc5 61. Kg5 Kb4 62. Kf4 (62. a5
Kxa5 63. Kf4 Kb4 64. Ke3 Kc3 $19 (64... Nb3 $19)) 62... Nb3 63. Ke3 Kc3 64. a5
Nxa5 65. Ke2 Kb2 66. Bd5 Nb3 0-1

[Event "Rubinstein Memorial 37th"]
[Site "Polanica Zdroj"]
[Date "2000.08.23"]
[Round "6"]
[White "Markowski, Tomasz"]
[Black "Krasenkow, Michal"]
[Result "0-1"]
[WhiteElo "2568"]
[BlackElo "2702"]
[Annotator "Ribli,Z"]
[PlyCount "58"]
[EventDate "2000.08.17"]
[EventType "tourn"]
[EventRounds "9"]
[EventCountry "POL"]
[EventCategory "17"]
[SourceTitle "CBM 079"]
[Source "ChessBase"]
[SourceDate "2000.11.21"]
[SourceVersion "1"]
[SourceVersionDate "2000.11.21"]
[SourceQuality "1"]

1. g3 e5 2. c4 Nf6 3. Bg2 c6 4. d4 exd4 (4... Bb4+ 5. Bd2 Bxd2+ 6. Qxd2 d6 {
Das ist eine ganz andere Spielweise - eine ähnliche Stellung kennt man aus der
Bogoindischen Verteidigung.}) 5. Qxd4 d5 6. Nf3 Be6 $5 {Dieser Zug ist
logischer als 6...Be7. Der Vorteil besteht darin, dass der schwarzfeldrige
Läufer anschließend aktiver nach c5 kommen kann..} 7. cxd5 cxd5 8. O-O Nc6 9.
Qa4 Bc5 10. Nbd2 {Ich möchte anmerken, dass Markowski zwei Runden später
anstelle der Partiefortsetzung 10.Ne5 gegen Gelfand spielte.} O-O 11. Nb3 Bb6
12. Nbd4 Qd7 $11 {[%csl Ra4][%cal Gd7a4] Es ist wahr, dass Schwarz einen
isolierten Bauern auf d5 hat, aber seine Figuren hamonieren sehr gut und seine
Stellung ist bequem.} (12... Rc8 13. Be3 Bd7 14. Qd1 Re8 15. Nxc6 bxc6 16. Bd4
c5 17. Bxf6 Qxf6 18. Qxd5 Bb5 19. Qg5 Qxg5 20. Nxg5 Bxe2 21. Rfc1 c4 22. Bd5
Re5 23. Bxf7+ Kf8 24. Be6 Rc6 {0-1 Karlsson,L-Backelin,R/Gausdal 1990/TD (41)})
13. Nxe6 $6 {[%mdl 16384] Dieser Zug gefällt mir nicht - es wäre besser, den
Nc6 abzutauschen.} (13. Nxc6 Qxc6 (13... bxc6 14. Ne5 Qd6 15. Bf4 $14) 14. Qxc6
bxc6 15. Bf4 $11 (15. b3 $11)) (13. Be3 $4 Nxd4 $19) 13... fxe6 {[%cal Gb6g1,
Gf8f2] Jetzt bekommt Schwarz chancenreiche Initiative am Königsflügel, während
Weiß sich bei der Entwicklung des Bc1 vor Problemen sieht.} 14. Rd1 $6 {
Dieser Zug ist schlecht - Weiß hat nichts auf der d-Linie, und der Turm muss
früher oder später nach f1 zurück gehen.} (14. Bd2) 14... e5 $15 {[%csl Gd5,
Ge5] Schwarz hat eine ausgezeichnete Zentrumsstellung erreicht, das weiße
Läuferpaar fällt kaum ins Gewicht.} 15. e3 {Weiß muss so fortsetzen, um den
Wirkungsradius des Bb6 einzuschränken.} Qf5 {[%cal Gf8f2]} 16. Rf1 Rad8 17. Bd2
Ne4 18. Rad1 Qh5 {Schwarz hat einfaches Spiel, alles kommt mit Tempo.} 19. Nh4
$8 (19. Ne1 Qe2 $1 {[%csl Rd2,Ge2,Rf2]} 20. Bxe4 dxe4 21. Qc2 Bxe3 22. Bxe3
Qxd1 $19) 19... g5 $1 20. Bxe4 dxe4 21. Ng2 {[%csl Rg2] Der Springer steht
sehr unglücklich auf g2, aber Weiß hat keine Wahl.} Rd6 $1 $17 {[%cal Gd6h6,
Gh6h2,Gf8d8,Gd8d1][%mdl 128] Schwarz kümmert sich nicht um die Verteidigung
des Pe4, sondern bringt den Turm ins Spiel. Schwarz übt verschiedene Drohungen
aus - z.B. Turmverdopplung auf der d-Linie oder Angriff am Königsflügel
mittels Rh6.} 22. Bc3 (22. Qxe4 Rfd8 23. Qc2 e4 {[%cal Gc6e5,Ge5f3]} 24. Qc3 (
24. Qc4+ Qf7 25. Qc2 Ne5 26. Bc3 Nf3+ 27. Kh1 Qh5 28. h4 Qg4 $19) 24... Rd5 {
[%cal Gc6e5,Ge5f3]} 25. Qb3 Ne5 26. f4 exf3 27. Ne1 Qf7 $19) 22... Rh6 $40 23.
h4 gxh4 24. Qc4+ (24. Nxh4 Qg4 $17) 24... Kh8 25. Nxh4 Qg4 26. Qd5 (26. Ng2 Qh3
$19) 26... Rxh4 $19 {Schwarz hat eine Figur mehr. Weiß besitzt keine
Gegendrohungen.} 27. Bxe5+ Nxe5 28. Qxe5+ Kg8 29. Rd5 (29. Qd5+ Rf7 $19) 29...
Bxe3 $1 (29... Rh6 $19) (29... Bxe3 30. fxe3 Rxf1+ 31. Kxf1 Rh1+ $19) 0-1

[Event "North Sea Cup 17th"]
[Site "Esbjerg"]
[Date "2002.07.11"]
[Round "7"]
[White "Bruzon Batista, Lazaro"]
[Black "Tiviakov, Sergei"]
[Result "1/2-1/2"]
[WhiteElo "2595"]
[BlackElo "2628"]
[Annotator "Ribli,Z"]
[PlyCount "89"]
[EventDate "2002.07.05"]
[EventType "tourn"]
[EventRounds "9"]
[EventCountry "DEN"]
[EventCategory "14"]
[SourceTitle "CBM 091"]
[Source "ChessBase"]
[SourceDate "2002.11.12"]
[SourceVersion "1"]
[SourceVersionDate "2002.11.12"]
[SourceQuality "1"]

1. c4 e5 2. g3 Nf6 3. Bg2 d5 4. cxd5 Nxd5 5. Nf3 Be6 $2 {Ich glaube, dieser
Zug wurde in der Partie nicht gespielt, da der Pe5 hängt. Das kann ein Fehler
sein in der Partienotation im Bulettin. Die wahrscheinlich tatsächlich
gespielte Fortsetzung ist 5...Nc6 6.0-0 Nb6 7.d3 Be7 8.Nbd2 0-0 9.a3 a5 10.b3
Be6 11.Bb2 f6 12.Qc2 - mit "Zugumstellung" zur unsere Partiefortsetzung.} 6.
O-O Nb6 7. d3 Be7 8. Nbd2 O-O 9. a3 a5 10. b3 Nc6 11. Bb2 f6 12. Qc2 {Weiß hat
eine spezielle Igelstellung mit zwei Läufern auf der großen Diagonalen, aber
der Gegner beherrscht das Zentrum, besonders die Bauernkette f6-e5 ist stark.}
Qd7 (12... Rf7 13. Rfd1 Bf8 14. e3 Rd7 (14... Bd5 15. Rac1 Qe8 $11) 15. d4 exd4
16. Nxd4 Nxd4 17. Bxd4 c5 18. Bc3 a4 19. Be4 h6 20. Bf3 Qc7 21. Qg6 Bf7 22. Qf5
Rad8 23. Ne4 Bxb3 24. Qg6 Rxd1+ 25. Rxd1 Rxd1+ 26. Bxd1 Nd5 {0-1 Rotstein,
A-Bareev,E/Vienna 1996/CBM 53 ext/[Chekhov] (33)}) (12... Bd5 13. Bh3 Bf7 14.
Rfc1 Re8 15. Bf5 g6 16. Bh3 Bf8 17. e3 Qe7 18. Re1 Rad8 19. Rac1 Bd5 20. Bf1 {
1/2-1/2 Bischoff,K-Slobodjan,R/Germany 2001/CBM 82 ext (20)}) (12... Qe8 $6 13.
d4 exd4 14. Nxd4 Nxd4 15. Bxd4 Qd7 16. e3 $14) (12... Qd7) 13. Rfd1 (13. e3 Bd5
14. Rfd1 Rfd8 15. Nc4 (15. d4 exd4 16. Nxd4 Bxg2 17. Kxg2 Nxd4 18. Bxd4 c5 19.
Bc3 a4 {1/2-1/2 Dannevig,O-Tiviakov,S/Bergen 2000/CBM 77 ext (41)}) 15... Qe6
16. Rac1 Bf8 17. Qe2 Qf7 18. Bf1 Be6 19. Nfd2 Nd5 20. Ne4 Rd7 {1/2-1/2 Vallejo
Pons,F-Tiviakov,S/Ohrid 2001/CBM 84 (49)}) (13. Rac1 Rfd8 14. Rfd1 $14) 13...
Rfd8 14. Nc4 (14. Rac1 Bf8 15. Nc4 (15. d4 exd4 16. Ne4 Qf7 17. Nxd4 Nxd4 18.
Rxd4 Rxd4 19. Bxd4 Bxa3 20. Rb1 Nd5 21. Bc5 Bb4 {0-1 Giddins,S-Gurevich,M/
Amsterdam 2000/CBM 77 ext (30)}) 15... Qf7 16. Qb1 Nd5 17. d4 exd4 18. Nxd4
Nxd4 19. Rxd4 b5 20. Ne3 Nxe3 21. Bxa8 Rxa8 22. fxe3 Bxb3 {1/2-1/2 Narciso
Dublan,M-Kolev,A/Badalona 2001/EXT 2002 (30)}) 14... Nxc4 $6 (14... Qe8 15.
Nfd2 (15. e3 $5) 15... Nd5 16. Nf3 Qf7 17. Rab1 Bf8 18. d4 exd4 19. Nxd4 Nxd4
20. Rxd4 b5 21. Nd2 c5 {0-1 Dragomarezkij,E-Morozevich,A/Alushta 1993/CBM 38 
(36)}) 15. bxc4 {Nach diesem Zug erhält Weiß Spiel auf der halboffenen b-Linie
und droht ggf. mit d4 einen Gegenstoß im Zentrum.} (15. dxc4 Qe8 $11) 15... Qe8
{[%cal Ge8f7,Ge8h5] Schwarz bereitet den Zug 16...Qf7 vor - die Dame bekommt
einen ausgezeichneten Platz auf f7. In einigen Varianten kann die Dame auf h5
erscheinen.} (15... a4 16. d4 exd4 17. Nxd4 Nxd4 18. Rxd4 Qc8 19. Rxd8+ Bxd8
20. Be4 h6 21. Bd4 {1-0 Pecorelli Garcia,H-Franco Ocampos,Z/Havana 2001/CBM 82
ext (43)}) 16. e3 {[%cal Gd3d4] Die weiße positionelle Drohung ist 17.d4 - mit
Zentrumsübergewicht.} (16. Bc3 Ra6 $6 17. Rdb1 b6 18. Qb2 Bc5 19. Re1 a4 20.
Nd2 Na5 21. Qc2 Bd7 22. Bb4 Bf8 23. Rab1 {1-0 Berkes,F-Anka,E/Budapest 2001/
CBM 82 ext (49)}) 16... Qf7 (16... Qh5 $5 {[%cal Ge6g4,Gh5d1]}) 17. Rac1 a4 18.
Nd2 {[%cal Gd2e4,Ge4c3] Dieser Zug scheint mir weniger logisch, als der
konsequente Zug 18.d4, wonach Weiß Raumvorteil bekommt.} (18. d4 $1 {[%csl Gc4,
Gd4]} exd4 19. exd4 (19. Nxd4 Nxd4 20. exd4 c6 21. Re1 Bf8 22. Re3 $14) 19...
Na5 20. d5 $14) 18... Na5 19. Bc3 (19. Qxa4 $4 Nxc4 $19) (19. d4 $14) 19... Qf8
(19... Bxa3 20. Ra1 Qe7 (20... Qf8 $6 21. Qxa4 Nc6 (21... Nxc4 22. Qb3 $18) 22.
Qb3 $16) 21. Nb1 Bd6 22. Qxa4 $14 (22. Rxa4 $14)) 20. Ra1 c6 (20... Bxa3 $6 21.
Qxa4 $16) 21. Rdb1 $14 {[%csl Gc3][%cal Gb1b7,Gg2b7][%mdl 32] Es ist wahr,
dass der Pa3 eine Schwächung in der weißen Stellung darstellt, aber sein
Figurenspiel am Damenflügel kompensiert dafür vollkommen.} (21. Qxa4 Nxc4 22.
Qb3 {[%cal Gb3g8]} Rxd3 23. Bf1 Rxc3 24. Qxc3 Rxa3 (24... Nxa3) 25. Rxa3 Nxa3
$11) 21... Bf5 (21... Rd7) 22. Bf1 (22. Be4 Bxe4 23. dxe4 $5 $13 (23. Nxe4 Nb3
24. Ra2 b5 $15 {[%csl Gb3]} (24... Bxa3 $2 25. c5 $1 {[%csl Ra3]} Nxc5 (25...
Bxc5 26. Rxa4 Rxa4 27. Qxb3+ $18) 26. Rxa3 Nxe4 27. Qa2+ $18))) 22... Rd7 23.
Bb4 (23. Qxa4 Bxd3 24. Bxd3 Rxd3 25. Qc2 Qd8 $132) 23... c5 24. Bxa5 (24. Bc3
$14) 24... Rxa5 25. Ne4 {[%csl Ge4][%cal Ge4c3,Gc3d5] Die weiße Stellung ist
aktiv - seine positionelle Drohung ist 26.Nc3 - mit großem Vorteil.} Qd8 $8 (
25... Bxe4 $6 26. dxe4 $16 {[%csl Ra4,Gd5,Re7][%cal Gf1h3,Gh3c8]}) 26. Nc3 {
[%cal Gc3d5,Gc3b5,Gc3a4]} (26. Rd1 $14) 26... Rxd3 $1 (26... Bxd3 27. Bxd3 Rxd3
28. Nd5 {[%csl Gd5]} Rb3 (28... Rxd5 29. cxd5 Qxd5 30. Rb6 $16 {[%cal Ga1d1]}
Bd8 $4 31. Rd1 $18) 29. Rxb3 axb3 30. Qxb3 $16) 27. Bxd3 (27. e4 $2 Rd2 $15) (
27. Nd5 $5 Rxd5 28. Qxf5 $14) 27... Bxd3 28. Qd2 (28. Qb2 Bxb1 29. Rxb1 $44 {
[%csl Yd5][%cal Gc3d5]}) 28... Bxb1 29. Qxd8+ Bxd8 30. Rxb1 $44 {[%csl Gc3,Yd5]
[%cal Gc3d5][%mdl 4096] Weiß hat einen Bauern weniger, aber gute Kompensation
- sein Springer hat einen ausgezeichneten Stützpunkt auf d5 und der schwarze
Laufer steht sehr passiv.} b6 31. Rd1 Ra8 (31... Be7 32. Rd7 Bf8 (32... Kf7 $2
33. Nd5 $18) 33. Rb7 Ra6 34. Nd5 $16) 32. Rd7 (32. e4 $5 $14) 32... f5 $1 {
Schwarz möchte sich mit 33...e4 und Bf6 verteidigen.} 33. e4 fxe4 34. Nxe4 Bf6
35. Kf1 (35. Nxf6+ gxf6 36. Rd6 Rb8 37. Rxf6 b5 $132) 35... Rb8 36. Ra7 Rd8 (
36... b5 $2 37. cxb5 Rxb5 38. Ra8+ $18) 37. Ke2 (37. Rxa4 Rd4) 37... Rd4 38. f3
h6 39. Rxa4 {Weiß hat endlich den Bauern zurückgewonnen, aber der a4R steht
jetzt passiv.} Kf7 40. Ra7+ (40. h4 $5) 40... Kg6 41. Ra6 Rxc4 42. Rxb6 Rc2+
43. Kd3 Rxh2 44. Nxc5 Ra2 45. Ra6 {Weiß hat theoretisch einen kleinen
Positionsvorteil, aber wegen das reduzierten Material kann man das nicht
verwerten.} 1/2-1/2

[Event "American Continental 2nd"]
[Site "Buenos Aires"]
[Date "2003.08.23"]
[Round "6"]
[White "Franco Ocampos, Zenon"]
[Black "Needleman, Alejandro"]
[Result "1-0"]
[WhiteElo "2520"]
[BlackElo "2434"]
[Annotator "Ribli,Z"]
[PlyCount "43"]
[EventDate "2003.08.17"]
[EventType "swiss"]
[EventRounds "11"]
[EventCountry "ARG"]
[SourceTitle "CBM 097"]
[Source "ChessBase"]
[SourceDate "2003.11.11"]
[SourceVersion "1"]
[SourceVersionDate "2003.11.11"]
[SourceQuality "1"]

1. c4 e5 2. g3 Nf6 3. Bg2 d5 4. cxd5 Nxd5 5. Nf3 Nc6 6. O-O Be7 (6... Nb6 {
Mit diesem Springerzug kann Schwarz die Variante 6...Be7 7.d4 vermeiden.}) 7.
d4 (7. Nc3 Nb6 8. a3 {Das wäre die vielmals gespielte - eigentliche -
Hauptvariante des Zugs 3...d5.}) 7... exd4 {Dieser genügsame Zug bietet Weiß
die Initiative.} (7... e4 $5 8. Ne5 f5 $13) 8. Nxd4 Nxd4 9. Qxd4 Nb4 $2 {
Dieser Zug ist zu optimistisch. Es wäre besser über die Verteidigung
nachzudenken.} (9... Nf6 10. Qa4+ c6 11. Rd1 $14) 10. Qxg7 $1 {Weiß
beschäftigt sich nicht mit seinem a1-Turm, er spielt auf Angriff am
Königsflügel.} Bf6 11. Qh6 Nc2 12. Nc3 Nxa1 13. Rd1 {[%mdl 128] Weiß hat einen
Turm weniger, aber sein Angriff stellt mehr als ausreichende Kompensation für
das geopferte Material dar.} Bd7 (13... Qe7 $2 14. Nd5 $18) (13... Bd4 14. Bg5
Qd6 15. Qxd6 cxd6 16. Rxd4 $18) 14. Nd5 Be7 (14... Be5 15. Bg5 Qc8 16. Nf6+ $18
) 15. Qg7 Rf8 16. Bh6 $18 {[%csl Gd5,Rd8,Re8,Gg7,Gh6][%cal Gd1d8][%mdl 2048]
Jetzt droht 17.Nf6+ Bxf6 18.Qxf8#.} f6 17. Bf3 {[%cal Rf3h5,Rh5e8]} Bf5 18.
Bh5+ Bg6 19. Bxg6+ hxg6 20. Qxg6+ Kd7 21. Nxf6+ (21. Bxf8 $18) 21... Kc6 22.
Qe4+ 1-0

[Event "Rubinstein Memorial 37th"]
[Site "Polanica Zdroj"]
[Date "2000.08.25"]
[Round "8"]
[White "Markowski, Tomasz"]
[Black "Gelfand, Boris"]
[Result "1/2-1/2"]
[WhiteElo "2568"]
[BlackElo "2681"]
[Annotator "Ribli,Z"]
[PlyCount "124"]
[EventDate "2000.08.17"]
[EventType "tourn"]
[EventRounds "9"]
[EventCountry "POL"]
[EventCategory "17"]
[SourceTitle "CBM 079"]
[Source "ChessBase"]
[SourceDate "2000.11.21"]
[SourceVersion "1"]
[SourceVersionDate "2000.11.21"]
[SourceQuality "1"]

1. g3 e5 2. c4 Nf6 3. Bg2 c6 4. d4 exd4 5. Qxd4 d5 6. Nf3 (6. cxd5 cxd5 7. Nf3
Nc6 8. Qa4 Bc5 9. O-O h6 10. Ne5 Qa5 11. Qxa5 Nxa5 12. Bd2 Nc6 13. Nd3 Bb6 14.
Nc3 Be6 15. Na4 Ke7 16. Nxb6 axb6 17. a3 Rhd8 18. Rac1 {1-0 Cekro,E-Lazovic,G/
Bihac 1999/EXT 2000 (60)}) 6... Be6 7. cxd5 cxd5 8. O-O Nc6 {Es trifft zwar zu,
dass Schwarz einen isolierten Bauern hat, aber Weiß verliert einige Tempi mit
der Dame.} 9. Qa4 Bc5 10. Ne5 $5 (10. Nbd2) 10... O-O (10... Qb6 11. Nd3 O-O
12. Nc3 d4 13. Ne4 Nxe4 14. Bxe4 Rfe8 15. Bf3 Bf5 16. Nxc5 Qxc5 17. Bf4 Be4 18.
Bg4 Qd5 19. Rfd1 h5 20. Bh3 g5 21. Bd2 g4 22. Bf1 Qf5 23. Rac1 Rad8 24. Bf4 Bd5
{0-1 Stokke,K-Myhrvold,R/Bergen NOR 2000/The Week in Chess 299 (37)}) 11. Nxc6
Qd7 {[%cal Gd7a4]} (11... bxc6 12. Qxc6 Rc8 13. Qa6 $13 (13. Qa4 $2 Bxf2+ 14.
Kxf2 (14. Rxf2 Rxc1+ 15. Bf1 Ne4 $19) 14... Ng4+ 15. Kg1 Qb6+ $19)) 12. Bg5 (
12. b3 bxc6 13. Bb2 $11) 12... Qxc6 13. Qxc6 bxc6 14. Bxf6 (14. Nd2 Bd4 $11 (
14... Be7 $14)) 14... gxf6 {Weiß hat die viel bessere Bauernstruktur, doch
Schwarz besitzt das Läuferpaar.} 15. Nc3 Rab8 16. Rac1 Be7 (16... Rxb2 $2 17.
Na4 $18 {[%cal Ra4b2,Ra4c5]}) 17. b3 $14 {Weiß hat noch keine konkreten
Drohungen, aber seine Stellung ist mir sympathischer - der schwarze Pc6 ist
eine Schwäche und nach Na4 kann auch das Feld c5 noch schwach werden.} Rfc8 18.
Rfd1 Ba3 19. Rc2 (19. Rb1 Bf5 20. e4 Bg6 $11) 19... Bf5 20. e4 (20. Rcd2 Bb4
21. Rc1 Ba3 $11) 20... Bg4 (20... Bg6) (20... dxe4 21. Bxe4 $16) 21. Rdd2 (21.
f3 Bh5) 21... Bb4 (21... dxe4 22. Nxe4 $16) 22. h3 {Das ist ein nützlicher
prophylaktischer Zug - in vielen Varianten ist es wichtig für Weiß, die
Grundlinie räumen zu können.} (22. exd5 $2 cxd5 23. Nxd5 Bxd2 24. Ne7+ Kf8 25.
Nxc8 Rxc8 26. Rxd2 Rc1+ 27. Bf1 Bh3 $19) 22... Be6 (22... Bh5 23. exd5 cxd5 (
23... Bg6 24. dxc6 Bxc2 25. Rxc2 $16 {[%csl Gc6]}) 24. Nxd5) 23. exd5 cxd5 24.
Nxd5 Bxd5 (24... Bxd2 25. Ne7+ Kf8 26. Nxc8 Rxc8 27. Rxd2 Rc1+ 28. Kh2 $16) (
24... Rxc2 25. Rxc2 Bxd5 26. Bxd5 $16 {[%csl Gd5][%cal Gc2c8]}) 25. Rxc8+ Rxc8
26. Rxd5 {[%mdl 4096] Weiß hat einen Bauern mehr, aber die ungleichfarbigen
Läufer bieten Schwarz Remischancen.} Rc2 27. a4 Bc5 {[%csl Rf2]} 28. Rf5 Rc3 {
[%cal Gc3b3,Gc3g3]} 29. g4 $6 {Dieser Zug kompromittiert die weiße
Königsstellung. Weiß hätte mit diesem Zug noch warten können.} (29. Kh2 $5 Kg7
30. Bd5 $16) (29. Bd5 $2 Rxg3+ $11) 29... Kg7 30. Bf1 {[%cal Gf1c4]} Bb4 31.
Bc4 Rxh3 32. Kg2 Rh4 $8 {Der Turm steht etwas unglücklich auf h4, kann sich
anschließend aber - nach Bd6 - durch Rh2+ befreien.} (32... Rc3 33. g5 Be7 34.
gxf6+ Bxf6 35. Ra5 Bd4 36. Rd5 $16) 33. Be2 (33. f3 Bd6) 33... Bd6 34. Rd5 Be5
{[%csl Ge5]} 35. a5 (35. Ra5 Bb8) 35... Rh2+ 36. Kg1 Rh3 {[%cal Gh3b3]} 37. f3
Bf4 {[%csl Gf4]} 38. Rf5 (38. Rd7 Rh2 39. Bc4 Rd2 40. Rxf7+ Kg6 $14) 38... Bd6
39. Bf1 Rh4 (39... Rh2 40. Bg2 {[%csl Rh2]}) 40. Kf2 h5 $1 {[%mdl 256] Mit
diesem vorübergehenden Bauernopfer verbessert Schwarz endlich seine
Turmstellung.} 41. gxh5 (41. Rxh5 Rxh5 42. gxh5 Kh6 $11) 41... Be5 {[%csl Rf5]}
42. Ke3 Bd4+ 43. Kd2 Be5 44. Bc4 Kf8 (44... Rf4 45. Rxf4 Bxf4+ 46. Kd3 $16) 45.
Ke3 Bd4+ 46. Ke2 Be5 47. Ke3 Bd4+ 48. Ke2 Be5 49. Bd3 {Natürlich will sich
Weiß - bei einem Mehrbauern - nicht auf Zugwiederholung einlassen.} Kg7 50. Be4
Kh6 {[%csl Rh5]} 51. Kd3 (51. Bd5 Rxh5 52. Rxh5+ Kxh5 53. Bxf7+ Kg5 $11) 51...
Rxh5 52. Rxh5+ Kxh5 $11 {Weiß hat zwar einen gefährlichen potentiellen
Freibauern am Damenflügel, aber Schwarz muss dennoch das Remis halten können.}
53. Kc4 Kg5 54. b4 f5 55. Bd5 Kf6 56. b5 Ke7 57. b6 (57. Kc5 Kd7 58. Bxf7 Kc7
$11) 57... axb6 58. a6 {[%cal Ra6a7]} Bb8 59. Kb5 Ba7 {Der Läufer steht
wahrlich passiv, aber es reicht fürs Remis.} 60. Kc6 b5 $8 61. Kb7 Be3 62. f4 (
62. a7 Bxa7 63. Kxa7 b4 64. Kb6 Kd6 65. Bxf7 Ke5 66. Kc5 Kf4 67. Bd5 b3 $11)
62... Kf6 (62... Kf6 63. a7 Bxa7 64. Kxa7 Kg6 65. Kb6 Kh5 $11) 1/2-1/2